[Event "Eschborn op"]
[Site "Eschborn"]
[Date "2018.10.07"]
[Round "5"]
[White "Becker, Guenter"]
[Black "Kasiman, Alexander"]
[Result "1-0"]
[WhiteElo "1594"]
[BlackElo "1329"]
[PlyCount "128"]
[EventDate "2018.10.05"]
[EventType "swiss"]
[EventRounds "5"]
[EventCountry "GER"]
[SourceTitle "CBM 187 Extra"]
[Source "ChessBase"]
[SourceDate "2018.11.04"]
[SourceVersion "1"]
[SourceVersionDate "2018.11.04"]
[SourceQuality "1"]

1. c4 Nf6 2. g3 g6 3. Bg2 Bg7 4. Nc3 0-0 5. d4 d6 6. e4 e5 7. d5 c6 8. Nge2 Na6 9. 0-0 cxd5 10. exd5 Qc7 11. b3 Nc5 12. f4 e4 13. Rb1 Re8 14. Be3 Ng4 15. Bd4 Bxd4+ 16. Qxd4 f5 17. h3 Nh6 18. Nb5 Qe7 19. Qe3 a6 20. Nbd4 Nd3 21. Nc1 Nc5 22. b4 Na4 23. Re1 Nb6 24. Bf1 Nf7 25. Ncb3 h6 26. Rbc1 g5 27. Rc2 gxf4 28. Qxf4 Qe5 29. Qe3 Kh7 30. Ne2 Nd7 31. Nf4 Rg8 32. Rg2 Ng5 33. Be2 Nf6 34. Qd4 Qe7 35. h4 Nf7 36. Nd2 Ne5 37. Nf1 Nfg4 38. Nh2 Bd7 39. Nxg4 Nxg4 40. Nh5 Raf8 41. Rf1 Rg6 42. Bxg4 Rxg4 43. Rgf2 Qxh4 44. Rh2 Qe7 45. Qe3 Qg5 46. Rf4 Be8 47. Rf3 Bxh5 48. Qxg5 Rxg5 49. Re3 Bf3 50. Kf2 Kg6 51. Rh4 Bg4 52. c5 h5 53. c6 bxc6 54. dxc6 Rc8 55. Rc3 Bf3 56. a4 Kf6 57. b5 axb5 58. axb5 Rg7 59. b6 Rxc6 60. Rxc6 Ke5 61. Rc7 Rg8 62. b7 Rb8 63. Rh2 Kd4 64. Ke1 d5 1-0

[Event "Hessen-chC"]
[Site "Frankfurt"]
[Date "2018.05.13"]
[Round "7"]
[White "Arnold, Jan"]
[Black "Kasiman, Alexander"]
[Result "1/2-1/2"]
[WhiteElo "1441"]
[BlackElo "1139"]
[PlyCount "70"]
[EventDate "2018.05.10"]
[EventType "swiss"]
[EventRounds "7"]
[EventCountry "GER"]
[SourceTitle "EXT 2019"]
[Source "ChessBase"]
[SourceDate "2018.10.10"]
[SourceVersion "1"]
[SourceVersionDate "2018.10.10"]
[SourceQuality "1"]

1. c4 Nf6 2. Nc3 g6 3. g3 Bg7 4. Bg2 0-0 5. Nf3 Nc6 6. d4 e6 7. 0-0 d5 8. cxd5 exd5 9. e3 b6 10. b3 Re8 11. Ba3 Bb7 12. Rc1 Rc8 13. Bh3 Rb8 14. b4 a5 15. b5 Na7 16. Bb2 Ne4 17. a4 Bc8 18. Bg2 Bg4 19. Qc2 Bf5 20. Nxe4 dxe4 21. Nd2 Rc8 22. Bxe4 Bh3 23. Rfe1 h5 24. Bb7 Qg5 25. Bxc8 Nxc8 26. Qxc7 Ne7 27. Qf4 Qd5 28. Qf3 Qg5 29. Ne4 Qd5 30. Qh1 Qb3 31. Rb1 Bf5 32. Nc3 Bxb1 33. Rxb1 Rc8 34. Qe4 Bf8 35. Ne2 Rc2 1/2-1/2

[Event "Hessen-chC"]
[Site "Frankfurt"]
[Date "2018.05.12"]
[Round "5"]
[White "Doehne, Michael"]
[Black "Kasiman, Alexander"]
[Result "0-1"]
[WhiteElo "1363"]
[BlackElo "1139"]
[PlyCount "92"]
[EventDate "2018.05.10"]
[EventType "swiss"]
[EventRounds "7"]
[EventCountry "GER"]
[SourceTitle "EXT 2019"]
[Source "ChessBase"]
[SourceDate "2018.10.10"]
[SourceVersion "1"]
[SourceVersionDate "2018.10.10"]
[SourceQuality "1"]

1. d4 Nf6 2. Bf4 d6 3. e3 Bf5 4. Nd2 g6 5. c3 Qc8 6. Ngf3 Bg7 7. Bc4 0-0 8. Qb3 Nc6 9. h3 Na5 10. Qb4 Nxc4 11. Qxc4 c5 12. g4 Be6 13. Qe2 Qc6 14. e4 cxd4 15. Nxd4 Qd7 16. 0-0-0 Bxa2 17. b3 e5 18. Nf5 exf4 19. Nxg7 Kxg7 20. Kb2 Bxb3 21. Nxb3 Qe7 22. Rd4 Rfe8 23. f3 h5 24. Rhd1 hxg4 25. hxg4 Nh7 26. Rxd6 Rad8 27. Qd2 Rxd6 28. Qxd6 Qxd6 29. Rxd6 Ng5 30. Nd4 Rh8 31. Rd5 Rh2+ 32. Kb3 Kf6 33. e5+ Ke7 34. Rb5 b6 35. Nc6+ Kd7 36. Nd4 Rf2 37. e6+ Nxe6 38. Rd5+ Kc7 39. Nb5+ Kb8 40. Nd6 Rxf3 41. Nxf7 Rg3 42. Rd6 Nc5+ 43. Kb4 Rxg4 44. Ne5 Rg3 45. Rxg6 Rxg6 46. Nxg6 f3 0-1